[Event "Santo Domingo op"]
[Site "Santo Domingo"]
[Date "2010.06.03"]
[Round "2"]
[White "Mitkov, Nikola"]
[Black "Rodriguez, Jose Altagracia"]
[Result "1-0"]
[WhiteElo "2509"]
[BlackElo "2200"]
[PlyCount "117"]
[EventDate "2010.06.02"]
[EventType "swiss"]
[EventRounds "9"]
[EventCountry "DOM"]
[SourceTitle "EXT 2011"]
[Source "ChessBase"]
[SourceDate "2010.11.26"]
[SourceVersion "1"]
[SourceVersionDate "2010.11.26"]
[SourceQuality "1"]

1. e4 c5 2. Nc3 Nc6 3. Bb5 g6 4. Bxc6 dxc6 5. d3 Bg7 6. Be3 b6 7. Qd2 e5 8. f4 Nf6 9. fxe5 Ng4 10. Bg5 Qc7 11. Nf3 Nxe5 12. 0-0 0-0 13. Rae1 Bg4 14. Nxe5 Bxe5 15. h3 Be6 16. Bf4 Rad8 17. b3 c4 18. bxc4 Bxc4 19. Kh1 Be6 20. a4 Bxf4 21. Rxf4 Qe5 22. Ne2 c5 23. Ng1 Qg7 24. a5 b5 25. e5 Bd5 26. Qe3 Rfe8 27. c4 bxc4 28. dxc4 Ba8 29. Qxc5 Qh6 30. Qf2 Qg5 31. h4 Qe7 32. Rf6 Rc8 33. Rf4 f5 34. exf6 Qxe1 35. f7+ Kg7 36. fxe8N+ Qxe8 37. Qxa7+ Kg8 38. Qf2 Be4 39. Qd4 Ba8 40. Qf2 Be4 41. a6 Rxc4 42. Qa2 Qa4 43. Qxa4 Rxa4 44. Kh2 Bc6 45. Rxa4 Bxa4 46. Nf3 Bc6 47. Ne5 Be4 48. a7 Kg7 49. Nd7 Kh6 50. g4 Kg7 51. Kg3 Kf7 52. Nb6 Kf6 53. Kf4 Bc6 54. a8Q Bxa8 55. Nxa8 h6 56. Nc7 Kf7 57. Ke5 Ke7 58. Nd5+ Kf7 59. Kd6 1-0

[Event "DOM-ch"]
[Site "Santo Domingo"]
[Date "2010.04.24"]
[Round "10"]
[White "Rodriguez, Jose Altagracia"]
[Black "Gomez, Jose3333"]
[Result "1-0"]
[WhiteElo "2229"]
[BlackElo "2162"]
[PlyCount "71"]
[EventDate "2010.04.09"]
[EventType "swiss"]
[EventRounds "11"]
[EventCountry "DOM"]
[SourceTitle "EXT 2012"]
[Source "ChessBase"]
[SourceDate "2011.11.24"]
[SourceVersion "1"]
[SourceVersionDate "2011.11.24"]
[SourceQuality "1"]

1. e4 c5 2. Nf3 Nc6 3. Bb5 a6 4. Bxc6 dxc6 5. d3 Bg4 6. Be3 e5 7. Nbd2 f6 8. h3 Bh5 9. a4 a5 10. Nc4 b6 11. 0-0 g5 12. Qe2 Qc7 13. c3 Nh6 14. d4 Be7 15. g4 exd4 16. cxd4 Bg6 17. e5 0-0 18. exf6 Bxf6 19. Nce5 Nf7 20. Nxg6 hxg6 21. dxc5 bxc5 22. Bxc5 Rfe8 23. Qc2 Kg7 24. Rfe1 Qf4 25. Kg2 Ne5 26. Rxe5 Bxe5 27. Be3 Qf6 28. Bxg5 Qf7 29. Rd1 Kg8 30. Qxc6 Rac8 31. Qb5 Bg7 32. Rd7 Qe6 33. Qb7 Bh8 34. Bh6 Bf6 35. Rg7+ Kh8 36. Nh4 1-0

[Event "DOM-ch"]
[Site "Santo Domingo"]
[Date "2010.04.09"]
[Round "1"]
[White "Garcia, Hector Osiris"]
[Black "Rodriguez, Jose Altagracia"]
[Result "0-1"]
[WhiteElo "2059"]
[BlackElo "2229"]
[PlyCount "56"]
[EventDate "2010.04.09"]
[EventType "swiss"]
[EventRounds "11"]
[EventCountry "DOM"]
[SourceTitle "EXT 2012"]
[Source "ChessBase"]
[SourceDate "2011.11.24"]
[SourceVersion "1"]
[SourceVersionDate "2011.11.24"]
[SourceQuality "1"]

1. c4 e5 2. g3 Nf6 3. Bg2 Nc6 4. Nc3 g6 5. e4 Bc5 6. Nf3 d6 7. 0-0 0-0 8. Nd5 Bg4 9. d4 Nxd5 10. dxc5 Ndb4 11. cxd6 Nd4 12. h3 Bxf3 13. Bxf3 Qxd6 14. a3 Nbc6 15. Bg2 a5 16. Bh6 Rfd8 17. Qg4 Qe6 18. Qh4 f6 19. f4 Ra6 20. f5 gxf5 21. exf5 Qe7 22. Bd5+ Kh8 23. Rae1 Rb6 24. Re4 Rxb2 25. Rg4 Nxf5 26. Qh5 Nxh6 27. Qxh6 Rxd5 28. cxd5 Qc5+ 0-1